000 00659nam a2200181 4500
008 031016s2003 ph eng
020 _a9718832742 :
_cPhp1110
090 _aDS666.B8
_bAn2
_b2003
100 1 _aAndres, Tomas D.
245 1 0 _aUnderstanding the values of the BulakeƱos (Book three) /
_cTomas D. Andres.
260 _aQuezon City
_bGiraffe Books,
_cc2003.
300 _a48 p.
650 4 _aBulakeƱos (Philippine people)
_xSocial life and customs.
650 4 _aManagement
_zPhilippines.
650 4 _aNational characteristics, Philippine.
650 4 _aValues.
951 _p26517
_x00025311
_oDS666.B8/An2/2003
_j070613111318671
_d2000-12-21
_cFIL
999 _c17844
_d17844